[Event "5th Essent op"]
[Site "Hoogeveen NED"]
[Date "2001.10.12"]
[Round "1.3"]
[White "Magomedov, Magaram"]
[Black "Peek, Maurice"]
[Result "1-0"]
[WhiteElo "2608"]
[BlackElo "2309"]
[EventDate "2001.10.12"]
[PlyCount "53"]

1.e4 d5 2.exd5 Nf6 3.Bb5+ Bd7 4.Be2 Nxd5 5.d4 Bf5 6.Nf3 e6 7.O-O Be7 8.a3 
O-O 9.c4 Nb6 10.h3 Nc6 11.Be3 Qd7 12.b4 a6 13.Qb3 Bf6 14.Rd1 Qe7 15.Nc3 h6
16.Re1 Rfd8 17.Rad1 Rd7 18.d5 Na7 19.d6 Qe8 20.dxc7 Bxc3 21.Qxc3 Na4 22.
Qe5 f6 23.Qa5 Bc2 24.Rxd7 Qxd7 25.Nd4 Nc6 26.Nxc6 bxc6 27.b5 1-0

[Event "5th Essent op"]
[Site "Hoogeveen NED"]
[Date "2001.10.12"]
[Round "1.4"]
[White "Mulyar, Michael A"]
[Black "De Mie, Mariska"]
[Result "1/2-1/2"]
[WhiteElo "2428"]
[BlackElo "2161"]
[EventDate "2001.10.12"]
[PlyCount "27"]

1.e4 c5 2.Nf3 Nf6 3.Nc3 Nc6 4.d4 d5 5.exd5 Nxd5 6.Bc4 Nxc3 7.bxc3 e6 8.O-O
Be7 9.Be3 Qa5 10.Qd3 O-O 11.a4 Rd8 12.Rfb1 Qc7 13.Bb5 Na5 14.Qf1 1/2-1/2

[Event "5th Essent op"]
[Site "Hoogeveen NED"]
[Date "2001.10.12"]
[Round "1.5"]
[White "Wuts, Frank"]
[Black "Gurevich, Mikhail"]
[Result "0-1"]
[WhiteElo "2297"]
[BlackElo "2605"]
[EventDate "2001.10.12"]
[PlyCount "42"]

1.d4 d6 2.c4 f5 3.Nc3 Nf6 4.Bg5 Nbd7 5.Nf3 g6 6.e3 Bg7 7.c5 dxc5 8.Qb3 c6 
9.Bc4 b5 10.Nxb5 cxb5 11.Bxb5 Qa5+ 12.Kd1 Ba6 13.Bc6 c4 14.Qc2 Rc8 15.Ne5 
O-O 16.Nxd7 Rxc6 17.Nxf8 Kxf8 18.f3 Nd5 19.Qd2 c3 20.bxc3 h6 21.c4 Qa4+ 
0-1

[Event "5th Essent op"]
[Site "Hoogeveen NED"]
[Date "2001.10.12"]
[Round "1.8"]
[White "Markus, John Raymond"]
[Black "Dvoirys, Semen I"]
[Result "0-1"]
[WhiteElo "2253"]
[BlackElo "2582"]
[EventDate "2001.10.12"]
[PlyCount "98"]

1.d4 Nf6 2.Nf3 g6 3.Bg5 Bg7 4.Nbd2 h6 5.Bxf6 Bxf6 6.c3 d6 7.Qb3 Nd7 8.e4 
e6 9.g3 Bg7 10.Bg2 O-O 11.O-O Nb6 12.a4 a5 13.Nc4 Nxc4 14.Qxc4 Bd7 15.Rfe1
Rb8 16.e5 b5 17.axb5 Rxb5 18.Qa2 Qb8 19.c4 Rxb2 20.Qxa5 Bc6 21.Nd2 Bxg2 
22.Kxg2 dxe5 23.dxe5 Rc2 24.Ra2 Qb7+ 25.Kg1 Rxa2 26.Qxa2 Rd8 27.Qa5 Qc6 
28.Qc3 Qc5 29.Nb3 Qb6 30.c5 Qb5 31.Nd4 Qa4 32.Nf3 Rd5 33.Kg2 Bf8 34.c6 Rc5
35.Qd3 Qxc6 36.Re3 Rd5 37.Qb3 Bc5 38.Re4 Bb6 39.h4 Kg7 40.g4 Rc5 41.Rf4 
Rc2 42.Qd3 Bxf2 43.Kh3 Rc3 44.Qd1 Bc5 45.Kg3 g5 46.hxg5 hxg5 47.Rf6 Be7 
48.Qd2 Bxf6 49.exf6+ Kh7 0-1

[Event "5th Essent op"]
[Site "Hoogeveen NED"]
[Date "2001.10.12"]
[Round "1.9"]
[White "Van Doeland, Julius"]
[Black "Epishin, Vladimir"]
[Result "1/2-1/2"]
[WhiteElo "2292"]
[BlackElo "2583"]
[EventDate "2001.10.12"]
[PlyCount "72"]

1.Nf3 g6 2.c4 Bg7 3.Nc3 e5 4.d4 exd4 5.Nxd4 Nc6 6.Nxc6 bxc6 7.e4 Ne7 8.c5 
Rb8 9.Bc4 O-O 10.O-O d6 11.cxd6 cxd6 12.Qe2 Be6 13.Rd1 d5 14.Bg5 Re8 15.
exd5 cxd5 16.Qf3 Qa5 17.Bb3 d4 18.Ne4 Nf5 19.Nf6+ Bxf6 20.Bxf6 Bxb3 21.
axb3 Qb6 22.Bg5 h5 23.h3 h4 24.Qg4 Qxb3 25.Bxh4 Nxh4 26.Qxh4 d3 27.Qa4 Qd5
28.Qa5 Rb5 29.Qc3 Rb3 30.Qa5 Qxa5 31.Rxa5 Re2 32.Rxa7 Rbxb2 33.Rxd3 Rxf2 
34.Rg3 Kg7 35.Ra6 f6 36.Raa3 g5 1/2-1/2

[Event "5th Essent op"]
[Site "Hoogeveen NED"]
[Date "2001.10.12"]
[Round "1.10"]
[White "Klenburg, Mikhail"]
[Black "Hendriks, Richard V"]
[Result "1-0"]
[WhiteElo "2341"]
[BlackElo "2113"]
[EventDate "2001.10.12"]
[PlyCount "81"]

1.g3 g6 2.Bg2 Bg7 3.d3 d6 4.e4 c5 5.f4 Nc6 6.Nf3 e6 7.O-O Nge7 8.c3 O-O 9.
Be3 Rb8 10.Bf2 b6 11.Re1 a5 12.a4 Ba6 13.Na3 Qd7 14.Qc2 d5 15.e5 d4 16.Nc4
Rfd8 17.Rad1 Nd5 18.Nd6 Bf8 19.Ne4 Be7 20.Qc1 dxc3 21.bxc3 Nc7 22.Nf6+ 
Bxf6 23.exf6 Ne8 24.Ne5 Nxe5 25.fxe5 Qxa4 26.d4 cxd4 27.Rxd4 Rxd4 28.Bxd4 
Rc8 29.Bxb6 Qa2 30.Bd4 Rb8 31.Qa1 Qd2 32.Rb1 Rxb1+ 33.Qxb1 Bd3 34.Qa1 Qc2 
35.h4 a4 36.Qa3 Qb1+ 37.Kh2 Qb5 38.Qe7 h5 39.Bc5 Kh8 40.Qf8+ Kh7 41.Qxf7+ 
1-0

[Event "5th Essent op"]
[Site "Hoogeveen NED"]
[Date "2001.10.12"]
[Round "1.11"]
[White "Potze, Rudolf"]
[Black "Peng, Zhaoqin"]
[Result "0-1"]
[WhiteElo "2145"]
[BlackElo "2443"]
[EventDate "2001.10.12"]
[PlyCount "86"]

1.e4 e6 2.d4 d5 3.e5 c5 4.c3 Qb6 5.Nf3 Bd7 6.a3 a5 7.Bd3 Bb5 8.O-O Bxd3 9.
Qxd3 Nc6 10.h4 h5 11.Nbd2 cxd4 12.cxd4 Nh6 13.Rd1 Nf5 14.Nf1 Qa6 15.Ne3 
Qxd3 16.Rxd3 Nxe3 17.Bxe3 a4 18.Rc1 Kd7 19.Rdc3 Be7 20.g3 f6 21.Kf1 Ra6 
22.b4 axb3 23.Rxb3 b6 24.Rcb1 Rb8 25.Ra1 Na5 26.Rb5 Nc4 27.a4 Rba8 28.Nd2 
Na3 29.Rb3 Nc2 30.Rab1 Bd8 31.exf6 gxf6 32.Rc3 Nxe3+ 33.fxe3 Rxa4 34.Ke2 
Ra1 35.Rxa1 Rxa1 36.Nb3 Rb1 37.Kf3 f5 38.Nc1 Bc7 39.Nd3 Bd6 40.Rc2 Rf1+ 
41.Kg2 Rd1 42.Nb2 Ra1 43.Nd3 Ra3 0-1

[Event "5th Essent op"]
[Site "Hoogeveen NED"]
[Date "2001.10.12"]
[Round "1.12"]
[White "Guliev, Sarhan"]
[Black "Span, Paul"]
[Result "0-1"]
[WhiteElo "2489"]
[BlackElo "2223"]
[EventDate "2001.10.12"]
[PlyCount "78"]

1.d4 d5 2.c4 c6 3.Nf3 Nf6 4.Nc3 e6 5.Bg5 h6 6.Bxf6 Qxf6 7.e3 Nd7 8.Bd3 g6 
9.O-O dxc4 10.Bxc4 Bg7 11.b4 O-O 12.a4 e5 13.a5 exd4 14.exd4 Rd8 15.Re1 
Nf8 16.Qb3 Be6 17.b5 Bxc4 18.Qxc4 Rac8 19.b6 axb6 20.axb6 Ne6 21.Ne2 c5 
22.d5 Nd4 23.Nexd4 cxd4 24.Qb5 Qf5 25.Ra5 d3 26.Rd1 Bc3 27.Ra7 Rxd5 28.Qa4
Qd7 29.Qxd7 Rxd7 30.Ra3 d2 31.Kf1 Rd6 32.Rb3 Ba5 33.Rbb1 Rcd8 34.Rb5 Rd5 
35.Rb2 R8d6 36.Ke2 Kf8 37.Rb3 Re6+ 38.Re3 Rxb6 39.Nxd2 Rb2 0-1

[Event "5th Essent op"]
[Site "Hoogeveen NED"]
[Date "2001.10.12"]
[Round "1.14"]
[White "Archangelsky, Mikhail"]
[Black "Roberts, Paul"]
[Result "1/2-1/2"]
[WhiteElo "2395"]
[BlackElo "2155"]
[EventDate "2001.10.12"]
[PlyCount "61"]

1.e4 e5 2.Bc4 Nc6 3.Nc3 Nf6 4.d3 h6 5.f4 Bc5 6.Nf3 d6 7.Na4 Bb6 8.Nxb6 
axb6 9.O-O O-O 10.Kh1 exf4 11.Bxf4 Be6 12.Bxe6 fxe6 13.Qd2 Kh7 14.a3 Qe8 
15.Rae1 e5 16.Be3 Qh5 17.Qe2 Ng4 18.Bg1 Rf6 19.h3 Raf8 20.Nh2 Rxf1 21.Rxf1
Rxf1 22.Qxf1 Nxh2 23.Kxh2 Kg8 24.Qf5 Qxf5 25.exf5 b5 26.g4 d5 27.Kg3 Kf7 
28.Kf3 Kf6 29.Bf2 Kf7 30.Be3 Kf6 31.Kg3 1/2-1/2

[Event "5th Essent op"]
[Site "Hoogeveen NED"]
[Date "2001.10.12"]
[Round "1.15"]
[White "Goloshchapov, Alexander"]
[Black "Hernandez, Gustavo2"]
[Result "1-0"]
[WhiteElo "2550"]
[BlackElo "2265"]
[EventDate "2001.10.12"]
[PlyCount "79"]

1.e4 c5 2.Nf3 Nc6 3.d4 cxd4 4.Nxd4 g6 5.c4 Bg7 6.Be3 Nf6 7.Nc3 d6 8.Be2 
O-O 9.O-O Bd7 10.Qd2 Nxd4 11.Bxd4 Bc6 12.Bd3 a5 13.Rae1 a4 14.Nd5 Nxd5 15.
Bxg7 Kxg7 16.exd5 Bd7 17.f4 e6 18.dxe6 fxe6 19.Be2 Bc6 20.Bf3 Qb6+ 21.Kh1 
Bxf3 22.Rxf3 Rae8 23.Rd3 d5 24.cxd5 exd5 25.Rxe8 Rxe8 26.h3 Rd8 27.Rd4 Qc6
28.f5 b5 29.fxg6 hxg6 30.Rh4 Qf6 31.Qh6+ Kg8 32.Qh7+ Kf8 33.Qh6+ Kg8 34.
Rg4 Rd6 35.h4 Qg7 36.Qf4 Rf6 37.Qb8+ Rf8 38.Qxb5 Rf5 39.Qb8+ Kh7 40.Kh2 
1-0

[Event "5th Essent op"]
[Site "Hoogeveen NED"]
[Date "2001.10.12"]
[Round "1.16"]
[White "Ellenbroek, Ton"]
[Black "Stellwagen, Daniel"]
[Result "0-1"]
[WhiteElo "2117"]
[BlackElo "2384"]
[EventDate "2001.10.12"]
[PlyCount "90"]

1.e4 e6 2.d4 d5 3.exd5 exd5 4.c4 Nf6 5.Nf3 Bb4+ 6.Bd2 Bxd2+ 7.Nbxd2 O-O 8.
Be2 dxc4 9.Nxc4 Nbd7 10.O-O Nb6 11.Ne3 Be6 12.Ne5 Qd6 13.a4 a5 14.Bf3 Rad8
15.Bxb7 c5 16.Rc1 cxd4 17.N3c4 Nxc4 18.Nxc4 Qb4 19.Ba6 Ne4 20.Bb5 d3 21.
Ne3 Nd2 22.Re1 Nf3+ 23.Qxf3 d2 24.Qe2 dxc1=Q 25.Rxc1 Rd2 26.Qh5 Qxb2 27.
Rf1 Rc8 28.Ba6 Ra8 29.Qxa5 Rd6 30.Qb5 Qa3 31.Bb7 Qxa4 32.Qe5 Rad8 33.Bf3 
Qd4 34.Qh5 g6 35.Qh6 Qb2 36.Bg4 Bxg4 37.Nxg4 Rd1 38.Ne3 Rxf1+ 39.Nxf1 Rd1 
40.Qe3 Qa1 41.Qe2 Rb1 42.g3 Qb2 43.Qe8+ Kg7 44.Kg2 Qb7+ 45.f3 Qb2+ 0-1

[Event "5th Essent op"]
[Site "Hoogeveen NED"]
[Date "2001.10.12"]
[Round "1.17"]
[White "Visser, Yge"]
[Black "Boersma, Jan"]
[Result "1-0"]
[WhiteElo "2453"]
[BlackElo "2193"]
[EventDate "2001.10.12"]
[PlyCount "45"]

1.e4 e6 2.d3 d5 3.Nd2 Nf6 4.Ngf3 Nc6 5.Be2 b6 6.O-O Be7 7.c3 a5 8.Qa4 Qd7 
9.d4 Ba6 10.Bxa6 Rxa6 11.Qc2 O-O 12.Re1 Raa8 13.a4 dxe4 14.Nxe4 Qd5 15.
Nxf6+ Bxf6 16.Bf4 Rac8 17.Rad1 Rfe8 18.h3 Qh5 19.d5 exd5 20.Rxe8+ Rxe8 21.
Bxc7 Qg6 22.Qxg6 hxg6 23.Rxd5 1-0

[Event "5th Essent op"]
[Site "Hoogeveen NED"]
[Date "2001.10.12"]
[Round "1.18"]
[White "Hulshof, Peter"]
[Black "Jonkman, Harmen"]
[Result "0-1"]
[WhiteElo "2200"]
[BlackElo "2491"]
[EventDate "2001.10.12"]
[PlyCount "100"]

1.e4 e5 2.Nf3 Nc6 3.Bb5 Nf6 4.O-O Nxe4 5.d4 Nd6 6.Bxc6 dxc6 7.dxe5 Nf5 8.
Qxd8+ Kxd8 9.b3 h6 10.Bb2 Bd7 11.c4 Kc8 12.Nc3 a5 13.h3 Ne7 14.Nd4 Nf5 15.
Nf3 c5 16.Nd5 a4 17.Rfe1 Ne7 18.e6 Bxe6 19.Nxe7+ Bxe7 20.Bxg7 Rg8 21.Bc3 
Bd6 22.Kf1 b6 23.Nd2 Kb7 24.Ne4 Kc6 25.Nxd6 cxd6 26.f3 b5 27.cxb5+ Kxb5 
28.Reb1 axb3 29.axb3 Rxa1 30.Bxa1 Kb4 31.g4 Bxb3 32.Bf6 Rg6 33.Be7 Re6 34.
Bf8 c4 35.f4 c3 36.f5 c2 37.Rc1 Re3 38.Bxd6+ Kc3 39.Kg2 Bd5+ 40.Kf2 Rxh3 
41.Be5+ Kd2 42.Bf4+ Kd3 43.Bg3 Rxg3 44.Kxg3 Kd2 45.Ra1 c1=Q 46.Rxc1 Kxc1 
47.Kh4 Kd2 48.Kh5 Ke3 49.Kxh6 Kf4 50.Kh5 Bf3 0-1

[Event "5th Essent op"]
[Site "Hoogeveen NED"]
[Date "2001.10.12"]
[Round "1.19"]
[White "Van der Wiel, John"]
[Black "Veneman, Henry J"]
[Result "1-0"]
[WhiteElo "2495"]
[BlackElo "2185"]
[EventDate "2001.10.12"]
[PlyCount "63"]

1.e4 c5 2.Nf3 Nc6 3.d4 cxd4 4.Nxd4 Nf6 5.Nc3 e5 6.Ndb5 d6 7.Bg5 a6 8.Na3 
b5 9.Bxf6 gxf6 10.Nd5 f5 11.c3 Bg7 12.exf5 Bxf5 13.Nc2 O-O 14.Nce3 Be6 15.
Bd3 f5 16.Qh5 e4 17.Bc2 Bxd5 18.Nxd5 Ne5 19.O-O h6 20.f3 exf3 21.gxf3 f4 
22.Kh1 Ra7 23.Rg1 Kh8 24.Rg6 Nxg6 25.Qxg6 Be5 26.Qxh6+ Kg8 27.Rg1+ Rg7 28.
Bh7+ Kh8 29.Bf5+ Kg8 30.Qh7+ Kf7 31.Qh5+ Kg8 32.Be6+ 1-0

[Event "5th Essent op"]
[Site "Hoogeveen NED"]
[Date "2001.10.12"]
[Round "1.21"]
[White "Bertholee, Rob"]
[Black "Cako, Laszlo"]
[Result "1-0"]
[WhiteElo "2382"]
[BlackElo "2131"]
[EventDate "2001.10.12"]
[PlyCount "151"]

1.e4 e5 2.Nf3 Nc6 3.c3 Nf6 4.d4 exd4 5.e5 Nd5 6.cxd4 Bb4+ 7.Nbd2 d6 8.Bb5 
O-O 9.O-O Bg4 10.Bxc6 bxc6 11.Nc4 Qb8 12.a3 Qb5 13.Qb3 Bxf3 14.gxf3 Bc5 
15.Qd3 Bb6 16.a4 Qa6 17.Ra3 dxe5 18.Nxe5 Qxd3 19.Rxd3 Nb4 20.Rdd1 Rad8 21.
Be3 Rd6 22.Nc4 Rg6+ 23.Kh1 a5 24.Bd2 Rd8 25.Bxb4 axb4 26.Rfe1 Kf8 27.Re4 
Rg5 28.Ne5 c5 29.Nc6 Rd6 30.a5 Rxc6 31.dxc5 g6 32.cxb6 cxb6 33.a6 Ra5 34.
Rd7 Rxa6 35.Rf4 f5 36.Rxh7 Kg8 37.Rb7 Rc2 38.Kg2 Rxb2 39.Rc4 Ra8 40.Rc6 g5
41.Rg6+ Kh8 42.Rxg5 Raa2 43.Rxf5 Rxf2+ 44.Kg3 Rg2+ 45.Kf4 Ra8 46.h4 b3 47.
Rh5+ Kg8 48.Rxb6 Rf8+ 49.Ke3 Re8+ 50.Kd3 Rf8 51.Ke3 Re8+ 52.Kf4 Rf8+ 53.
Rf5 Rxf5+ 54.Kxf5 b2 55.f4 Rh2 56.Kg5 Rg2+ 57.Kf6 Rg4 58.f5 Rxh4 59.Rb8+ 
Kh7 60.Rxb2 Rf4 61.Rg2 Ra4 62.Rg7+ Kh8 63.Re7 Rf4 64.Kg6 Rg4+ 65.Kf7 Rf4 
66.f6 Rf1 67.Re8+ Kh7 68.Ke7 Re1+ 69.Kf8 Rf1 70.f7 Ra1 71.Re2 Ra8+ 72.Ke7 
Ra7+ 73.Kf6 Ra6+ 74.Re6 Ra8 75.Re8 Ra6+ 76.Ke5 1-0

[Event "5th Essent op"]
[Site "Hoogeveen NED"]
[Date "2001.10.12"]
[Round "1.22"]
[White "Rooda, Kai P"]
[Black "Van der Weide, Karel"]
[Result "1/2-1/2"]
[WhiteElo "2176"]
[BlackElo "2457"]
[EventDate "2001.10.12"]
[PlyCount "77"]

1.d4 c5 2.Nf3 cxd4 3.Nxd4 Nf6 4.c4 Nc6 5.Nc3 g6 6.e4 d6 7.Be2 Nxd4 8.Qxd4 
Bg7 9.Be3 O-O 10.Qd2 Be6 11.O-O Qa5 12.Rac1 a6 13.f3 Rfc8 14.b3 b5 15.Nd5 
Qxd2 16.Bxd2 Nxd5 17.cxd5 Bd4+ 18.Kh1 Bd7 19.Rxc8+ Rxc8 20.Rc1 Rxc1+ 21.
Bxc1 f5 22.h3 Kf7 23.Bg5 Be5 24.Kg1 f4 25.Kf2 Bd4+ 26.Ke1 Be3 27.Bd3 e6 
28.dxe6+ Kxe6 29.Ke2 Ke5 30.Bh6 Kd4 31.Bg7+ Kc5 32.Bc3 Be6 33.h4 b4 34.Bf6
a5 35.Bg5 a4 36.Bc2 Kd4 37.Bf6+ Kc5 38.Bg5 Kd4 39.Bf6+ 1/2-1/2

[Event "5th Essent op"]
[Site "Hoogeveen NED"]
[Date "2001.10.13"]
[Round "2.1"]
[White "Van der Weide, Karel"]
[Black "Van Doeland, Julius"]
[Result "1-0"]
[WhiteElo "2457"]
[BlackElo "2292"]
[EventDate "2001.10.12"]
[PlyCount "131"]

1.e4 e5 2.Nf3 Nc6 3.Bb5 a6 4.Bxc6 dxc6 5.O-O Qf6 6.d4 exd4 7.Bg5 Qd6 8.
Qxd4 Qxd4 9.Nxd4 Bd7 10.Nc3 Be7 11.Bxe7 Nxe7 12.Rad1 c5 13.Nde2 Bc6 14.Nf4
O-O 15.Rd2 Rfd8 16.Rfd1 Rxd2 17.Rxd2 Kf8 18.f3 Rc8 19.Kf2 Ng6 20.Nxg6+ 
hxg6 21.h4 b6 22.Ke3 a5 23.Ne2 Ke7 24.Nf4 Bb7 25.e5 Bc6 26.e6 fxe6 27.
Nxg6+ Kf6 28.Nf4 a4 29.a3 Ra8 30.g3 Re8 31.Nd3 e5 32.Nf2 Ke6 33.Nh3 Kf6 
34.Ng5 Ke7 35.h5 Rf8 36.Rh2 Rh8 37.Rh4 Kf6 38.Ne4+ Ke7 39.Nd2 Be8 40.g4 
Ke6 41.Nf1 Bg6 42.Rh2 Be8 43.Ng3 Bc6 44.Nf5 Kf6 45.h6 gxh6 46.Rxh6+ Rxh6 
47.Nxh6 Bd7 48.f4 Kg6 49.g5 exf4+ 50.Kxf4 Be6 51.Ng4 Ba2 52.Ne5+ Kg7 53.
Nf3 Bb1 54.c3 Ba2 55.Kf5 Bb3 56.Nh4 Bd5 57.g6 Bb3 58.Kg5 b5 59.Nf5+ Kf8 
60.Kf6 b4 61.Nh6 bxa3 62.bxa3 Ke8 63.g7 Bd5 64.g8=Q+ Bxg8 65.Nxg8 Kd7 66.
c4 1-0

[Event "5th Essent op"]
[Site "Hoogeveen NED"]
[Date "2001.10.13"]
[Round "2.2"]
[White "Hernandez, Gustavo2"]
[Black "Vuilleumier, Alexandre"]
[Result "1-0"]
[WhiteElo "2265"]
[BlackElo "2150"]
[EventDate "2001.10.12"]
[PlyCount "159"]

1.d4 Nf6 2.c4 g6 3.Nc3 Bg7 4.Bg5 d6 5.Nf3 h6 6.Bh4 g5 7.Bg3 Nh5 8.e3 c6 9.
Be2 Nxg3 10.hxg3 Bg4 11.Qc2 Nd7 12.O-O-O Qa5 13.Kb1 O-O-O 14.Bd3 Kb8 15.
Rc1 Rhe8 16.Nd2 Nf8 17.f3 Bd7 18.g4 e6 19.Nce4 Qc7 20.Qb3 f5 21.Ng3 fxg4 
22.fxg4 d5 23.Nh5 Bh8 24.Rhf1 Qb6 25.Qa3 e5 26.Qd6+ Ka8 27.Qxh6 exd4 28.
Qxh8 dxe3 29.Nb3 Ng6 30.Qc3 Ne5 31.c5 Qc7 32.Nf6 Re7 33.Nxd7 Nxd3 34.Qxd3 
Qxd7 35.Rce1 Qxg4 36.Rxe3 Rxe3 37.Qxe3 Qxg2 38.Rg1 Qh2 39.Qxg5 Re8 40.Qg3 
Qh7+ 41.Qg6 Qe7 42.a3 a6 43.Ka2 Qe2 44.Qf7 Rb8 45.Rg8 Qc4 46.Rxb8+ Kxb8 
47.Qe8+ Ka7 48.Qe5 Qb5 49.Qd4 Qe2 50.Qb4 Qe7 51.Nd4 Qf6 52.Qc3 Qg6 53.Qe3 
Qf6 54.Nb3 Qf7 55.Qc3 Qc7 56.Nd4 Qf7 57.Qb4 Qf6 58.Nc2 Qf2 59.Qb6+ Ka8 60.
Nb4 Qf6 61.Nc2 Qe6 62.Qd8+ Ka7 63.Qb6+ Ka8 64.Nd4 Qf6 65.Ne2 Qe6 66.Nc1 
Qe3 67.Nb3 Qe6 68.Qd8+ Ka7 69.Qh4 Qe2 70.Qf4 Qb5 71.Qb4 Qe2 72.Qb6+ Ka8 
73.Na5 Qb5 74.Qxb5 axb5 75.Kb3 Ka7 76.Kc3 Ka6 77.b4 Ka7 78.Nb3 Ka6 79.Nd4 
Ka7 80.Ne6 1-0

[Event "5th Essent op"]
[Site "Hoogeveen NED"]
[Date "2001.10.13"]
[Round "2.3"]
[White "Plasman, Hans"]
[Black "Guliev, Sarhan"]
[Result "0-1"]
[WhiteElo "2217"]
[BlackElo "2489"]
[EventDate "2001.10.12"]
[PlyCount "60"]

1.e4 c6 2.Nc3 d5 3.f4 dxe4 4.Nxe4 Nf6 5.Nf2 Qc7 6.g3 g6 7.b3 Bg7 8.Bb2 O-O
9.Bg2 b6 10.Nf3 Bb7 11.O-O c5 12.Qe2 Nc6 13.Rfe1 Rad8 14.c3 Nd5 15.Rad1 
Rfe8 16.Ng4 e5 17.fxe5 h5 18.Nf2 Nxe5 19.Nxe5 Rxe5 20.Qc4 Rxe1+ 21.Rxe1 
Nf6 22.Bxb7 Qxb7 23.Re2 Bh6 24.Nd3 b5 25.Nxc5 Qb6 26.Qb4 a5 27.Qa3 b4 28.
cxb4 axb4 29.Qa6 Qxc5+ 30.d4 Qf5 0-1

[Event "5th Essent op"]
[Site "Hoogeveen NED"]
[Date "2001.10.13"]
[Round "2.6"]
[White "Riazantsev, Alexander"]
[Black "Stellwagen, Daniel"]
[Result "1-0"]
[WhiteElo "2500"]
[BlackElo "2384"]
[EventDate "2001.10.12"]
[PlyCount "81"]

1.d4 Nf6 2.c4 g6 3.Nc3 Bg7 4.Nf3 O-O 5.Bg5 d6 6.e3 Nbd7 7.Be2 e5 8.Qc2 c6 
9.Rd1 Qc7 10.O-O Re8 11.Bh4 Nf8 12.b4 Bf5 13.Qc1 Ne4 14.Nxe4 Bxe4 15.dxe5 
dxe5 16.Nd2 Bf5 17.Nb3 Nd7 18.c5 Nf6 19.Na5 Nd5 20.a3 Be6 21.Nc4 f5 22.Nd6
Rf8 23.e4 fxe4 24.Nxe4 Nf4 25.Bc4 Kh8 26.Rfe1 Bd5 27.Bg3 Rad8 28.Bxf4 exf4
29.Bxd5 Rxd5 30.Rxd5 cxd5 31.Ng5 Qd7 32.Ne6 Re8 33.Nxf4 d4 34.Nd3 Rxe1+ 
35.Qxe1 h5 36.Qe4 Kh7 37.g3 a6 38.Nf4 Qg4 39.h3 Qf5 40.Qxf5 gxf5 41.h4 1-0

[Event "5th Essent op"]
[Site "Hoogeveen NED"]
[Date "2001.10.13"]
[Round "2.7"]
[White "Hendriks, Richard V"]
[Black "Naes, Flovin Tor"]
[Result "1-0"]
[WhiteElo "2113"]
[BlackElo "2223"]
[EventDate "2001.10.12"]
[PlyCount "125"]

1.e4 e5 2.Nf3 Nc6 3.Bc4 Nf6 4.d4 exd4 5.e5 d5 6.Bb5 Ne4 7.Nxd4 Bd7 8.Bxc6 
bxc6 9.O-O Be7 10.Be3 c5 11.Nb3 d4 12.Bc1 O-O 13.f3 Ng5 14.Bxg5 Bxg5 15.
Nxc5 Be3+ 16.Kh1 Bb5 17.Nd3 Qg5 18.Na3 Bxd3 19.Qxd3 Qxe5 20.Nc4 Qc5 21.c3 
Rad8 22.Rad1 Qg5 23.cxd4 Bxd4 24.f4 Qh4 25.Qf3 c5 26.b3 Rfe8 27.h3 f5 28.
Ne5 Bxe5 29.fxe5 Rxe5 30.Qb7 Rde8 31.Qxa7 h6 32.Qb7 Re3 33.Qd5+ Kh8 34.
Qxf5 g6 35.Qf6+ Qxf6 36.Rxf6 Kg7 37.Rdd6 Rg3 38.Kh2 Rg5 39.Rfe6 Rxe6 40.
Rxe6 Rd5 41.Rb6 Rd2 42.a4 Ra2 43.Kg3 h5 44.Kf3 h4 45.Rb5 Ra3 46.Ke4 c4 47.
bxc4 Rxa4 48.Kd4 Ra2 49.Rg5 Kf6 50.Rg4 Rd2+ 51.Kc5 g5 52.Kb6 Rb2+ 53.Kc6 
Rb8 54.c5 Rg8 55.Kd6 Rd8+ 56.Kc7 Rd5 57.c6 Kf7 58.Kb7 Rb5+ 59.Kc8 Ke7 60.
c7 Ke6 61.Rd4 Ke7 62.Re4+ Kf6 63.Kd7 1-0

[Event "5th Essent op"]
[Site "Hoogeveen NED"]
[Date "2001.10.13"]
[Round "2.8"]
[White "Klinova, Masha"]
[Black "Goloshchapov, Alexander"]
[Result "0-1"]
[WhiteElo "2407"]
[BlackElo "2550"]
[EventDate "2001.10.12"]
[PlyCount "78"]

1.e4 c5 2.Nf3 e6 3.c4 Nc6 4.Be2 Nf6 5.Nc3 Qb6 6.O-O Be7 7.b3 d6 8.Bb2 O-O 
9.Qc2 Bd7 10.Rad1 Rac8 11.Qb1 a6 12.Na4 Qc7 13.Nc3 Nd4 14.Qd3 e5 15.Nxd4 
exd4 16.Nd5 Nxd5 17.exd5 b5 18.Qg3 Bf6 19.d3 Rfe8 20.Rfe1 Qa5 21.Kf1 Be5 
22.f4 Bf6 23.a3 bxc4 24.bxc4 Rb8 25.Bc1 Ba4 26.Bd2 Qb6 27.Rc1 Qb2 28.Bd1 
Qxd2 29.Bxa4 Re3 30.Rcd1 Qa5 31.Rxe3 dxe3 32.Bd7 Bd4 33.Bg4 Qxa3 34.f5 Rb1
35.Qe1 Rb2 36.Be2 g6 37.g4 Qb3 38.h4 Bc3 39.Qg3 Rxe2 0-1

[Event "5th Essent op"]
[Site "Hoogeveen NED"]
[Date "2001.10.13"]
[Round "2.9"]
[White "Cako, Laszlo"]
[Black "Van Kooten, Luuk"]
[Result "1/2-1/2"]
[WhiteElo "2131"]
[BlackElo "2252"]
[EventDate "2001.10.12"]
[PlyCount "26"]

1.e4 c5 2.Nf3 d6 3.d4 cxd4 4.Nxd4 Nf6 5.Nc3 a6 6.Bc4 e6 7.Bb3 b5 8.O-O b4 
9.Na4 Bd7 10.c3 Nc6 11.Re1 bxc3 12.Nxc3 Be7 13.Be3 O-O 1/2-1/2

[Event "5th Essent op"]
[Site "Hoogeveen NED"]
[Date "2001.10.13"]
[Round "2.10"]
[White "Roberts, Paul"]
[Black "Mulyar, Michael A"]
[Result "0-1"]
[WhiteElo "2155"]
[BlackElo "2428"]
[EventDate "2001.10.12"]
[PlyCount "130"]

1.d4 d5 2.Nf3 Nf6 3.e3 g6 4.Bd3 Bg7 5.O-O O-O 6.b3 c5 7.Nbd2 Nc6 8.Bb2 
cxd4 9.exd4 Nb4 10.Be2 Bf5 11.c4 Nh5 12.a3 Bc2 13.Qc1 Nf4 14.Re1 Bd3 15.
Bd1 Nc6 16.Ne5 Nxe5 17.dxe5 Bf5 18.Bc2 Qd7 19.Nf1 Bxc2 20.Qxc2 Qf5 21.Qxf5
gxf5 22.Rad1 dxc4 23.bxc4 Rfd8 24.Bd4 Ne6 25.Bb2 f4 26.Rd5 Nc7 27.Rc5 Rac8
28.Bc1 Ne6 29.Rb5 b6 30.Nd2 Rd3 31.a4 Rc5 32.Kf1 Kf8 33.Ke2 Rd8 34.Kf1 Rd3
35.Ke2 Rd8 36.Kf1 Ke8 37.g3 Bh6 38.Rxc5 Nxc5 39.Nf3 Nd3 40.Rd1 Nxc1 41.
Rxc1 fxg3 42.Rc3 gxh2 43.Nxh2 Bf4 44.Nf3 Rd1+ 45.Ke2 Rc1 46.Rxc1 Bxc1 47.
Kd3 Kd7 48.Ke4 e6 49.Nd4 Bb2 50.Nb5 a6 51.Nd6 f5+ 52.Kf4 Bc1+ 53.Kg3 Ba3 
54.Nf7 Be7 55.Kf4 Ba3 56.Kg5 Ke7 57.Nh6 Bc5 58.f4 a5 59.Ng8+ Kf7 60.Nh6+ 
Kg7 61.Nxf5+ exf5 62.Kxf5 Kf7 63.Ke4 h5 64.f5 h4 65.Kf4 Bd4 0-1

[Event "5th Essent op"]
[Site "Hoogeveen NED"]
[Date "2001.10.13"]
[Round "2.11"]
[White "Koster, Ramon H"]
[Black "Potze, Rudolf"]
[Result "1-0"]
[WhiteElo "2285"]
[BlackElo "2145"]
[EventDate "2001.10.12"]
[PlyCount "77"]

1.d4 Nf6 2.c4 g6 3.Nc3 d5 4.Bf4 Bg7 5.e3 O-O 6.Rc1 c6 7.Nf3 e6 8.Bd3 b6 9.
O-O Bb7 10.Qe2 Qe7 11.Rfd1 Re8 12.Bg5 Qf8 13.e4 h6 14.Bf4 Nh5 15.Be3 dxe4 
16.Nxe4 f5 17.Nc3 Nd7 18.Bc2 Rad8 19.c5 Kh7 20.a4 e5 21.dxe5 bxc5 22.Nh4 
Rxe5 23.Nxg6 Kxg6 24.Qg4+ Kh7 25.Qxh5 Bc8 26.Bf4 Nf6 27.Qh3 Ree8 28.Bxf5+ 
Kg8 29.Bxc8 Rxc8 30.Qf5 Rb8 31.Bxb8 Rxb8 32.Rc2 Qe7 33.h3 Rf8 34.Re2 Qc7 
35.Qxc5 Qf7 36.Qxc6 Nh5 37.Qe6 Nf4 38.Qxf7+ Rxf7 39.Re4 1-0

[Event "5th Essent op"]
[Site "Hoogeveen NED"]
[Date "2001.10.13"]
[Round "2.12"]
[White "Peng, Zhaoqin"]
[Black "Galkin, Alexander"]
[Result "0-1"]
[WhiteElo "2443"]
[BlackElo "2583"]
[EventDate "2001.10.12"]
[PlyCount "80"]

1.d4 d5 2.c4 e6 3.Nf3 c6 4.e3 Bd6 5.Bd3 f5 6.O-O Nf6 7.b3 Qe7 8.Bb2 O-O 9.
Qc1 b6 10.Ba3 Bb7 11.Bxd6 Qxd6 12.Qa3 c5 13.Nbd2 Na6 14.Rad1 Nb4 15.Bb1 a5
16.Qb2 Ba6 17.a3 Nc6 18.Rfe1 Rad8 19.h3 cxd4 20.exd4 Ne4 21.Bd3 Ra8 22.
cxd5 exd5 23.Bxa6 Rxa6 24.Ne5 b5 25.Ndf3 b4 26.a4 Nd8 27.Rc1 Ne6 28.Qe2 
Nc3 29.Qe3 Raa8 30.Nd3 Rae8 31.Kf1 Qb6 32.Nde5 Qd6 33.Kg1 Rc8 34.Nd3 Ne4 
35.Rxc8 Rxc8 36.Nfe5 Rc3 37.f3 f4 38.Qe2 Ng3 39.Qb2 Qb6 40.Kh2 Qxd4 0-1

[Event "5th Essent op"]
[Site "Hoogeveen NED"]
[Date "2001.10.13"]
[Round "2.14"]
[White "Veneman, Henry J"]
[Black "Wuts, Frank"]
[Result "0-1"]
[WhiteElo "2185"]
[BlackElo "2297"]
[EventDate "2001.10.12"]
[PlyCount "65"]

1.e4 d6 2.d4 Nf6 3.Bd3 e5 4.c3 Nc6 5.Nf3 Bg4 6.d5 Ne7 7.c4 Ng6 8.g3 Qd7 9.
h4 Nxe4 10.Bxe4 f5 11.Bd3 e4 12.Be2 exf3 13.Bxf3 Ne5 14.Bxg4 fxg4 15.Qe2 
O-O-O 16.Be3 Re8 17.Nc3 Nf3+ 18.Kf1 g6 19.Qc2 a6 20.Kg2 Qf7 21.Ne2 h5 22.
Nf4 Rg8 23.Rac1 g5 24.hxg5 Rxg5 25.c5 Rxd5 26.cxd6 Bxd6 27.Qb3 Bxf4 28.
Bxf4 Re7 29.Rhd1 Rxd1 30.Qxd1 h4 31.Be3 h3+ 32.Kh1 Rd7 33.Qa4 0-1

[Event "5th Essent op"]
[Site "Hoogeveen NED"]
[Date "2001.10.13"]
[Round "2.15"]
[White "Dvoirys, Semen I"]
[Black "Visser, Yge"]
[Result "1-0"]
[WhiteElo "2582"]
[BlackElo "2453"]
[EventDate "2001.10.12"]
[PlyCount "72"]

1.e4 e6 2.d4 d5 3.e5 c5 4.c3 Nc6 5.Nf3 Nge7 6.Na3 cxd4 7.cxd4 Nf5 8.Nc2 
Bd7 9.Be2 Nb4 10.Ne3 Rc8 11.O-O Nxe3 12.fxe3 Be7 13.a3 Na6 14.Bd3 Bc6 15.
Qe2 O-O 16.b4 Nc7 17.b5 Be8 18.a4 f5 19.Qb2 Bh5 20.Bd2 Ne8 21.Rfc1 Rf7 22.
a5 Bf8 23.b6 Ra8 24.bxa7 f4 25.exf4 Bxf3 26.gxf3 g6 27.Qb6 Ng7 28.Qxd8 
Rxd8 29.Rab1 Ra8 30.Rb6 Re7 31.Bb4 Rf7 32.Bxf8 Kxf8 33.a6 Rxa7 34.Rc8+ Ne8
35.Bb5 bxa6 36.Bxe8 Rfc7 1-0